THE CONFESSION

Bibliographic Details
Main Author: Burton, Jessie (Author)
Format: Book
Published: London : Picador 2019
Subjects:

MARC

LEADER 00000cam a2200000 7i4500
001 0000278591
005 20210603095413.0
006 a# ###e ### 1#
007 t
008 210527s2019 enk e 1eng #
020 |a 9781509886159 
040 |a MBPJ   |b eng   |c MBPJ   |e rda 
090 0 0 |a F   |b BUR 
100 1 |a Burton, Jessie ,   |e author 
245 1 4 |a THE CONFESSION   |c Jessie Burton 
264 1 |a London :   |b Picador   |c 2019 
264 4 |c ©2019 
300 |a 453 pages ;   |c 24 cm. 
336 |a text  |2 rdacontent 
337 |a unmediated  |2 rdamedia 
338 |a volume  |2 rdacarrier 
650 0 |a Fiction 
999 |a 00385779   |b BUKU   |c PINJAMAN   |e PERPUSTAKAAN KOMUNITI PETALING JAYA 
999 |a 00392098   |b BUKU   |c PINJAMAN   |e PERPUSTAKAAN KOMUNITI CAW BANDAR UTAMA